|
|
|
|
| LEADER |
00000cam a2200000 7i4500 |
| 001 |
0000003898 |
| 002 |
000004199 |
| 005 |
20000330.0 |
| 020 |
|
|
|a 086203017X
|
| 090 |
0 |
0 |
|a JF
|b ASH
|
| 100 |
1 |
|
|a Ashley, Bernard
|
| 245 |
1 |
0 |
|a Dinner ladies don't count
|c Bernard Ashley ; illustrated by Janet Duchesne
|
| 260 |
|
|
|a Great Britain :
|b Julia MacRae Books ,
|c 1989
|
| 300 |
|
|
|a 44 p. :
|b ill. ;
|c 20 cm.
|
| 490 |
0 |
|
|a Blackbird Books
|
| 650 |
0 |
0 |
|a Children's stories
|
| 999 |
|
|
|a 032507
|b BUKU
|c PINJAMAN
|e PERPUSTAKAAN KOMUNITI PETALING JAYA
|
| 999 |
|
|
|a 032508
|b BUKU
|c PINJAMAN
|e PERPUSTAKAAN KOMUNITI PETALING JAYA
|